000 00352nam a2200145Ia 4500
008 230917s9999||||xx |||||||||||||| ||und||
040 _e118458
_aMAIN
041 _aEnglish
082 _a574.1929 G42B
100 _aGeissman, T.A.
245 0 _aBiosynthesis-Vol.1
260 _aLondon
_bThe chemical society
_c1972
300 _a249p. p.
942 _cBK
999 _c42503
_d42503